Coleccionismo de escultura antigua / (Registro nro. 58935)

Detalles MARC
000 -LEADER
campo de control de longitud fija 00565nam a2200181 i 4500
001 - NÚMERO DE CONTROL
campo de control 58935
003 - IDENTIFICADOR DE NÚMERO DE CONTROL
campo de control ES-MaACL
005 - FECHA Y HORA DE LA ÚLTIMA TRANSACCIÓN
campo de control 20230906163925.0
007 - CAMPO FIJO DE DESCRIPCIÓN FÍSICA--INFORMACIÓN GENERAL
campo de control de longitud fija t|
008 - DATOS DE LONGITUD FIJA--INFORMACIÓN GENERAL
campo de control de longitud fija 031024s1979 sp ||||1| spa d
100 1# - ENTRADA PRINCIPAL--NOMBRE DE PERSONA
Nombre de persona Echeverría, José Miguel.
9 (RLIN) 46576
245 10 - MENCIÓN DEL TÍTULO
Título Coleccionismo de escultura antigua /
Mención de responsabilidad, etc. José Miguel Echeverría ; fotografías: Oronoz.
260 ## - PUBLICACIÓN, DISTRIBUCIÓN, ETC.
Lugar de publicación, distribución, etc. León :
Nombre del editor, distribuidor, etc. Everest,
Fecha de publicación, distribución, etc. [1979]
300 ## - DESCRIPCIÓN FÍSICA
Extensión 175 p., 12 lám. :
Otras características físicas il. ;
Dimensiones 19 cm.
700 2# - ENTRADA AGREGADA--NOMBRE PERSONAL
Nombre de persona Oronoz (Estudio fotográfico)
9 (RLIN) 179422
852 ## - LOCALIZACIÓN
Ubicación ES-MaACL
Número de control de estantería A-10660
Sublocalización o colección R.99648
Existencias
Estatus retirado Estado de pérdida Estado de daño No para préstamo Biblioteca de origen Biblioteca actual Ubicación en estantería Fecha de adquisición Fuente de adquisición Total de préstamos Signatura topográfica completa Código de barras Visto por última vez Precio de reemplazo Tipo de ítem Koha
        Biblioteca del Ateneo de Madrid Biblioteca del Ateneo de Madrid Depósito 1 17/01/2008     A-10660 1061823 23/02/2023 23/02/2023 Libro impreso